<?xml version="1.0" encoding="UTF-8"?>
<collection xmlns="http://www.loc.gov/MARC21/slim">
  <record>
    <leader>00000nam  2200000   4500</leader>
    <controlfield tag="001">INLIS000000000016942</controlfield>
    <controlfield tag="005">20240322031507</controlfield>
    <datafield tag="035" ind1="#" ind2="#">
      <subfield code="a">0010-0324000089</subfield>
    </datafield>
    <controlfield tag="007">ta</controlfield>
    <controlfield tag="008">240322################|##########|#|##</controlfield>
    <datafield tag="084" ind1="#" ind2="#">
      <subfield code="a">R 001 LATSAR 2021</subfield>
    </datafield>
    <datafield tag="100" ind1=" " ind2="#">
      <subfield code="a">I Gede Parasara Manela</subfield>
    </datafield>
    <datafield tag="245" ind1="1" ind2="#">
      <subfield code="a">Optimalisasi Penyimpanan Data Dokumen Kerjasama/Nota Kesepahaman di Bawaslu Provinsi DKI Jakarta /</subfield>
      <subfield code="c">I Gede Parasara Manela</subfield>
    </datafield>
    <datafield tag="260" ind1="#" ind2="#">
      <subfield code="a">Jakarta :</subfield>
      <subfield code="b">Pusbangkader,</subfield>
      <subfield code="c">2021</subfield>
    </datafield>
    <datafield tag="300" ind1="#" ind2="#">
      <subfield code="a">50 halaman ;</subfield>
      <subfield code="c">30 cm</subfield>
    </datafield>
    <datafield tag="650" ind1="#" ind2="4">
      <subfield code="a">Dokumen Kerjasama</subfield>
    </datafield>
    <datafield tag="520" ind1="#" ind2="#">
      <subfield code="a">Pentingnya kerjasama dengan institusi lain menyebabkan penting pula keberadaan Divisi Pengawasan dan Hubungan Antar Lembaga di Bawaslu Provinsi DKI Jakarta yang bertugas merencanakan, menjalin komunikasi, menyusun draft, memfasilitasi seluruh keperluan penandatanganan kerjasama Nota Kesepahaman (MoU) Bawaslu Provinsi DKI Jakarta dengan Mitra kerja hingga implementasikan MOu tersebut ke dalam sebuah program kerja.</subfield>
    </datafield>
    <datafield tag="856" ind1="#" ind2="#">
      <subfield code="a">Perpustakaan LAN Pusat</subfield>
    </datafield>
    <datafield tag="990" ind1="#" ind2="#">
      <subfield code="a">23.10.001</subfield>
    </datafield>
  </record>
</collection>
